<?xml version="1.0" encoding="UTF-8"?><?xml-stylesheet type="text/xsl" href="static/style.xsl"?><OAI-PMH xmlns="http://www.openarchives.org/OAI/2.0/" xmlns:xsi="http://www.w3.org/2001/XMLSchema-instance" xsi:schemaLocation="http://www.openarchives.org/OAI/2.0/ http://www.openarchives.org/OAI/2.0/OAI-PMH.xsd"><responseDate>2026-06-02T00:42:25Z</responseDate><request verb="GetRecord" identifier="oai:riuma.uma.es:10630/28946" metadataPrefix="marc">https://riuma.uma.es/rest/oai/request</request><GetRecord><record><header><identifier>oai:riuma.uma.es:10630/28946</identifier><datestamp>2026-02-03T11:08:36Z</datestamp><setSpec>com_10630_2254</setSpec><setSpec>col_10630_37953</setSpec></header><metadata><record xmlns="http://www.loc.gov/MARC21/slim" xmlns:dcterms="http://purl.org/dc/terms/" xmlns:doc="http://www.lyncode.com/xoai" xmlns:xsi="http://www.w3.org/2001/XMLSchema-instance" xsi:schemaLocation="http://www.loc.gov/MARC21/slim http://www.loc.gov/standards/marcxml/schema/MARC21slim.xsd">
   <leader>00925njm 22002777a 4500</leader>
   <datafield ind2=" " ind1=" " tag="042">
      <subfield code="a">dc</subfield>
   </datafield>
   <datafield ind2=" " ind1=" " tag="720">
      <subfield code="a">Gallegos-Reina, Antonio Jesús</subfield>
      <subfield code="e">author</subfield>
   </datafield>
   <datafield ind2=" " ind1=" " tag="260">
      <subfield code="c">2022-06-24</subfield>
   </datafield>
   <datafield ind2=" " ind1=" " tag="520">
      <subfield code="a">En el actual contexto de cambio global, el análisis de los&#xd;
riesgos socionaturales se han convertido en una temática&#xd;
prioritaria para las administraciones. Este trabajo cuantifica&#xd;
de manera diacrónica la evolución de la inundabilidad y&#xd;
erosión hídrica de suelos en cuatro áreas representativas&#xd;
del litoral mediterráneo español, situadas en la provincia de&#xd;
Málaga (España). Dicha evolución se ha puesto en relación con&#xd;
los cambios territoriales producidos en las áreas de estudio&#xd;
en los últimos 50 años. La inundabilidad se ha calculado&#xd;
mediante estudio hidrológico-hidráulico, usando el método&#xd;
racional modificado según Témez y HEC-RAS, y la erosión&#xd;
hídrica usando la formulación revisada de la Universal Soil&#xd;
Loss Equation (RUSLE). Los resultados muestran cambios&#xd;
urbanísticos insostenibles territorialmente y repercusiones&#xd;
directas en las inundaciones y pérdida de suelos, con&#xd;
incrementos de dichas peligrosidades que en algunos casos&#xd;
doblan, e incluso cuadruplican, los valores de área inundada&#xd;
y pérdida de suelo de 1957.</subfield>
   </datafield>
   <datafield ind1="8" ind2=" " tag="024">
      <subfield code="a">Gallegos Reina, A. (2022). Evolution of the territory and analysis of flooding and water erosion between 1956 and 2010: case study in the province of Malaga (Spain). Agua Y Territorio / Water and Landscape, (21). https://doi.org/10.17561/at.21.6368</subfield>
   </datafield>
   <datafield ind1="8" ind2=" " tag="024">
      <subfield code="a">https://hdl.handle.net/10630/28946</subfield>
   </datafield>
   <datafield ind1="8" ind2=" " tag="024">
      <subfield code="a">10.17561/at.21.6368</subfield>
   </datafield>
   <datafield tag="653" ind2=" " ind1=" ">
      <subfield code="a">Málaga (Provincia) - Lluvia</subfield>
   </datafield>
   <datafield tag="653" ind2=" " ind1=" ">
      <subfield code="a">Erosión - Málaga (Provincia)</subfield>
   </datafield>
   <datafield ind2="0" ind1="0" tag="245">
      <subfield code="a">Cambio en los patrones territoriales y análisis de inundabilidad y erodabilidad en cuencas de la provincia de Málaga, España (1956-2010).</subfield>
   </datafield>
</record>
</metadata></record></GetRecord></OAI-PMH>